Psicología médica / (Registro nro. 910)

Detalles MARC
000 -LEADER
fixed length control field 01370nam a2200373 a 4500
008 - CAMPO DE CONTROL (LIBRO)
fixed length control field 110901s1969 mx # f |||| 001 0 spa d
020 ## - INTERNATIONAL STANDARD BOOK NUMBER
ISBN S/N
041 ## - CODIGO DE IDIOMA
Código de idioma del texto/pista de sonido o título separado spa
092 ## - SIGNATURA TOPOGRAFICA DEWEY LOCAL
número de clasificación 616.08
libristica 15
sección DEL
100 1# - ENTRADA PRINCIPAL--NOMBRE PERSONAL
Nombre personal De la Fuente Muñiz, Ramón
9 (RLIN) 1354
245 ## - TITULO PROPIAMENTE DICHO
Título Psicología médica /
Mención de responsabilidad y remanente de la transcripción de la portada Ramón de la Fuente Muñiz
250 ## - MENCION DE EDICION
Mención de edición 1a ed. 8a reimp.
260 ## - PIE DE IMPRENTA
Lugar de publicación, distribución, etc México:
Nombre de la editorial, distribuidor, etc Fondo de Cultura Económica;
Fecha de publicación 1969.
300 ## - DESCRIPCION FISICA
Extension 444 p.
500 ## - NOTA GENERAL
Nota general De la Fuente Muñiz, R. (1969). Psicología médica. (1a ed.). México : Fondo de Cultura Económica.
653 ## - TÉRMINO INDIZADO - PALABRAS CLAVES
Palabra clave Psicología y medicina
653 ## - TÉRMINO INDIZADO - PALABRAS CLAVES
Palabra clave Evolución histórica de los conceptos medico-psicológicos
653 ## - TÉRMINO INDIZADO - PALABRAS CLAVES
Palabra clave Unidad bio-psico-social del hombre
653 ## - TÉRMINO INDIZADO - PALABRAS CLAVES
Palabra clave Naturaleza de los procesos mentales
653 ## - TÉRMINO INDIZADO - PALABRAS CLAVES
Palabra clave Base neural de los procesos mentales: las emociones, la conciencia
653 ## - TÉRMINO INDIZADO - PALABRAS CLAVES
Palabra clave Personalidad
653 ## - TÉRMINO INDIZADO - PALABRAS CLAVES
Palabra clave Temperamento, los motivos de la conducta y el caracter
653 ## - TÉRMINO INDIZADO - PALABRAS CLAVES
Palabra clave Angustia
653 ## - TÉRMINO INDIZADO - PALABRAS CLAVES
Palabra clave Infancia y adolescencia
653 ## - TÉRMINO INDIZADO - PALABRAS CLAVES
Palabra clave Neurosis
653 ## - TÉRMINO INDIZADO - PALABRAS CLAVES
Palabra clave Psicosis
653 ## - TÉRMINO INDIZADO - PALABRAS CLAVES
Palabra clave Psicopatología infantil
653 ## - TÉRMINO INDIZADO - PALABRAS CLAVES
Palabra clave Medicina psicosomática. Postulados básico sy corrientes actuales
653 ## - TÉRMINO INDIZADO - PALABRAS CLAVES
Palabra clave Padecimientos psicosomaticos
653 ## - TÉRMINO INDIZADO - PALABRAS CLAVES
Palabra clave Examen psicológico
653 ## - TÉRMINO INDIZADO - PALABRAS CLAVES
Palabra clave Psicoterapia
653 ## - TÉRMINO INDIZADO - PALABRAS CLAVES
Palabra clave Terapéutica orgánica de los trastornos psíquicos
942 ## - ADDED ENTRY ELEMENTS (KOHA)
Source of classification or shelving scheme Dewey Decimal Classification
Item type Libros
Existencias
Estado de retiro Existencia Fuente de clasificación Estado general No para prestamo Ubicación permanente ubicación actual Fecha de adquisición Total Checkouts Número de clasificación Código de barras Date last seen Número de ejemplar Price effective from Koha tipo de elemento (item)
    Dewey Decimal Classification     Biblioteca Medicina Biblioteca Medicina 01/09/2011   618.08 15 DEL 815 06/11/2014 ej.1 01/09/2011 Libros

UNIVERSIDAD NACIONAL DEL COMAHUE
Biblioteca de la Facultad de Ciencias Médicas
Sede Toschi: Los Arrayanes y Av. Toschi, Cipolletti  - Rio Negro
Sede Los Tordos:  Yrigoyen al 2211, Cipolletti - Rio Negro 

Teléfono: 0299 - 4774707 int 25
Contacto: biblioteca@facimed.uncoma.edu.ar
© 2011 - 2026